000 01274cam a2200349Ma 4500
001 9171964
005 20160120145708.0
008 110705s2012 enka b 001 0 eng d
020 _a9781137501301
035 _a(OCoLC)ocn760285247
035 _a(OCoLC)760285247
035 _a(NNC)9171964
040 _aNLE
_cNLE
_dNhCcYBP
050 4 _aJZ1773
_b.A916 2015
082 0 4 _a327.6
_222
100 _aCornelissen, Scarlett
_921633
245 0 0 _aAfrica and international relations in the 21st century /
_cedited by Scarlett Cornelissen, Fantu Cheru and Timothy M. Shaw.
246 3 _aAfrica and international relations in the twenty first century
260 _aBasingstoke ;
_aNew York :
_bPalgrave Macmillan,
_c2015.
300 _axvii, 248 p. :
_bill. ;
_c23 cm.
490 1 _aInternational political economy series
504 _aIncludes bibliographical references and index.
651 0 _aAfrica
_xForeign relations
_y1960-
_921634
700 1 _aCornelissen, Scarlett.
_921633
700 0 _aFantu Cheru,
_d1949-
_921635
700 1 _aShaw, Timothy M.
_921636
830 0 _aInternational political economy series (Palgrave Macmillan (Firm))
_921637
942 _2lcc
_cMONOGRAPH
948 1 _a20111229
_bc
_cybp22
_dMPS
949 _i0071557547
999 _c123977
_d123977